000 00800cam a2200265 i 4500
001 7623
003 BD-RjUL
005 20211208234440.0
008 140126s1977 ii 000 0 eng
035 _a(BD-RjUL)7667
040 _aDLC
_cDLC
_dBD-RjUL
_beng
041 1 _aengben
082 0 0 _a891.441008
_bRoo 1977
245 1 0 _aRoots in the void :
_bBaul songs of Bengal /
_ctranslated by Alokeranjan Dasgupta, Mary Ann Dasgupta.
250 _a1st ed.
260 _aCalcutta :
_bK. P. Bagchi,
_c1977.
300 _a79 p. ;
_c22 cm.
504 _aIncludes bibliographical references.
650 0 _aFolk songs, Bengali
_xTexts.
_923774
700 1 _aDasgupta, Alokeranjan.
_923775
700 1 _aDasgupta, Mary Ann,
_d1937-
_923776
942 _2ddc
_cBK
999 _c7623
_d7623